El milagro mexicano (Record no. 171649)

MARC details
000 -LEADER
fixed length control field 00825nam a22002537a 4500
005 - DATE AND TIME OF LATEST TRANSACTION
control field 20250526141314.0
008 - FIXED-LENGTH DATA ELEMENTS--GENERAL INFORMATION
fixed length control field 250526b mx ||||||||| |||| 00spa|d
020 ## - INTERNATIONAL STANDARD BOOK NUMBER
International Standard Book Number 9684270151
050 04 - LIBRARY OF CONGRESS CALL NUMBER
Classification number HC133
Item number M55 1999
245 03 - TITLE STATEMENT
Title El milagro mexicano
Statement of responsibility, etc / Fernando Carmona,...[et al.].
250 ## - EDITION STATEMENT
Edition statement 18a ed.
260 ## - PUBLICATION, DISTRIBUTION, ETC. (IMPRINT)
Place of publication, distribution, etc México :
Name of publisher, distributor, etc Nuestro Tiempo,
Date of publication, distribution, etc 1999
300 ## - PHYSICAL DESCRIPTION
Extent 403 p. ;
Dimensions 18 cm.
490 0# - SERIES STATEMENT
Series statement Latinoamérica Ayer y hoy
504 ## - BIBLIOGRAPHY, ETC. NOTE
Bibliography, etc Incluye apéndice y bibliografías
650 #7 - SUBJECT ADDED ENTRY--TOPICAL TERM
Source of heading or term lemb
Topical term or geographic name as entry element Política Económica
Geographic subdivision México
651 #7 - SUBJECT ADDED ENTRY--GEOGRAPHIC NAME
Source of heading or term lemb
Geographic name México
General subdivision Condiciones económicas
651 #7 - SUBJECT ADDED ENTRY--GEOGRAPHIC NAME
Source of heading or term lemb
Geographic name México
General subdivision Condiciones sociales
700 1# - ADDED ENTRY--PERSONAL NAME
Personal name Carmona, Fernando
Relator term autor.
700 1# - ADDED ENTRY--PERSONAL NAME
Personal name Montaño, Guillermo
Relator term autor.
700 1# - ADDED ENTRY--PERSONAL NAME
Personal name Carrión, Jorge
Relator term autor.
700 1# - ADDED ENTRY--PERSONAL NAME
Personal name Aguilar M., Alonso
Relator term autor.
942 ## - ADDED ENTRY ELEMENTS (KOHA)
Source of classification or shelving scheme Biblioteca del Cogreso de los Estados Unidos
Koha item type Libro
Holdings
Estado de pérdida Fuente de clasificación Estado del daño No para préstamo Ubicación permanente Ubicación actual Apartado o colección Fecha de adquisición Fuente de adquisición Edición Dependencia de educación superior (DES) Área del conocimiento Total Checkouts Clasificación Código de Barras Date last seen Número de copia Costo por reposición Tipo de recurso
  Biblioteca del Cogreso de los Estados Unidos   Uso interno Biblioteca Biblioteca de la Facultad de Economía Biblioteca de la Facultad de Economía General 26/05/2025 Unidad Académica 18a ed. Ciencias Económico Administrativas Ciencias Sociales y Administrativas   HC133 M55 1999 BFE000013708 31/03/2025 1 1.00 Libro